শঙ্কু সমগ্র /

Bibliografiset tiedot
Päätekijä: রায়, সত্যজিৎ
Aineistotyyppi: Kirja
Kieli:Bengali
Julkaistu: কলকাতা : আনন্দ পাবলিশার্স, ২০০২, (চতুর্দশ মুদ্রণ ২০১৬).
Aiheet:
Classic Catalogue: View this record in Classic Catalogue
LEADER 01231nam a2200253 a 4500
001 31743
003 BD-DhAAL
005 20260301104014.0
008 170708s20162002ii ||||| |||| 00| 1 ben d
020 |a 9788177562323 
020 |a 8177562320 
040 |a BD-DhAAL  |c BD-DhAAL 
082 |a 891.44  |2 23 
100 |a রায়, সত্যজিৎ.  |9 21751 
245 |a শঙ্কু সমগ্র /  |c সত্যজিৎ রায়. 
260 |a কলকাতা :  |b আনন্দ পাবলিশার্স,  |c ২০০২, (চতুর্দশ মুদ্রণ ২০১৬). 
300 |a ৬৪৪ পৃষ্ঠা :  |b চিত্র ;  |c ২৫ সে. মি. 
526 |a AAL 
541 |e 21743, 21744 
650 |a Bengali fiction.  |9 21752 
942 |2 ddc  |c BK 
999 |c 38156  |d 38156 
952 |0 0  |1 0  |2 ddc  |4 0  |6 891_440000000000000_ROY  |7 0  |9 60773  |a BRACUL  |b BRACUL  |c GEN  |d 2017-05-22  |e Development Book Agency  |g 990.00  |l 17  |m 103  |o 891.44 ROY  |p 3010031744  |r 2026-04-29  |s 2026-04-22  |t 2  |v 990.00  |w 2017-05-22  |y BK 
952 |0 0  |1 0  |2 ddc  |4 0  |6 891_440000000000000_ROY  |7 0  |9 60774  |a BRACUL  |b BRACUL  |c GEN  |d 2017-05-22  |e Development Book Agency  |g 990.00  |l 15  |m 156  |o 891.44 ROY  |p 3010031743  |r 2025-10-21  |s 2025-08-18  |t 1  |v 990.00  |w 2017-05-22  |y BK